[Event "VI Etapa do Circuito Pre-Olimpico Femini"]
[Site "Sao Paulo/SP"]
[Date "2011.10.16"]
[Round "5.1"]
[White "Delai, Paula Fernanda"]
[Black "Terao, Juliana Sayumi"]
[Result "0-1"]
[WhiteElo "2026"]
[BlackElo "2152"]
[PlyCount "82"]
[EventDate "2011.10.14"]

1. e4 c5 2. Nf3 e6 3. d3 d5 4. Qe2 Ne7 5. g3 Nbc6 6. Bg2 g6 7. e5 Bg7 8. O-O h6
9. h4 b6 10. Bf4 a5 11. a4 Qc7 12. Re1 Ba6 13. Na3 Nd4 14. Nxd4 cxd4 15. Rac1
O-O 16. c4 dxc3 17. Rxc3 Qd7 18. Qc2 Rac8 19. d4 Nf5 20. Rd1 Qe7 21. Bf1 Rxc3
22. Qxc3 Rc8 23. Qb3 Bxf1 24. Kxf1 g5 25. hxg5 hxg5 26. Be3 g4 27. Qxb6 Nxe3+
28. fxe3 Qg5 29. Qxa5 Qxe3 30. Qa6 Qf3+ 31. Ke1 Qxg3+ 32. Kf1 Rf8 33. Qe2 f6
34. Qg2 fxe5+ 35. Kg1 Qe3+ 36. Kh1 g3 37. Rf1 Rf2 38. Rxf2 gxf2 39. Qf1 Qf3+
40. Kh2 exd4 41. a5 Be5# 0-1

[Event "VI Etapa do Circuito Pre-Olimpico Femini"]
[Site "Sao Paulo/SP"]
[Date "2011.10.16"]
[Round "5.2"]
[White "Tashima, Vanessa Kelly"]
[Black "Chang, Suzana"]
[Result "0-1"]
[WhiteElo "1905"]
[BlackElo "2001"]
[PlyCount "108"]
[EventDate "2011.10.14"]

1. e4 c5 2. Nc3 e6 3. f4 d5 4. Nf3 d4 5. Ne2 Nc6 6. d3 f5 7. Ng3 Nf6 8. Be2 Be7
9. O-O O-O 10. c3 h6 11. Qb3 Kh7 12. Rd1 Re8 13. Qc2 Bf8 14. a3 Qd7 15. Bd2 a5
16. a4 b6 17. Nf1 Bb7 18. Be1 Rad8 19. h3 Qc7 20. g3 Ba6 21. Bf2 Qd7 22. c4 Qf7
23. N1d2 Nb4 24. Qb3 Bb7 25. e5 Nd7 26. Kh2 Be7 27. Rg1 Rg8 28. Raf1 g6 29. Ne1
Nb8 30. Bf3 Bxf3 31. Ndxf3 N8c6 32. Nc2 Nxc2 33. Qxc2 Nb4 34. Qe2 Rg7 35. Be1
Nc6 36. Rg2 Rdg8 37. Rfg1 Kh8 38. Bd2 g5 39. Ne1 Bd8 40. Nc2 Ne7 41. Na3 Ng6
42. Nb5 Qd7 43. b3 Qc6 44. Nd6 Be7 45. Nb5 gxf4 46. gxf4 Nh4 47. Rxg7 Rxg7 48.
Rxg7 Nf3+ 49. Kg3 Bh4+ 50. Kg2 Nxd2+ 51. Kh2 Nf3+ 52. Kg2 Ne1+ 53. Kg1 Kxg7 54.
Nd6 Kf8 0-1

[Event "VI Etapa do Circuito Pre-Olimpico Femini"]
[Site "Sao Paulo/SP"]
[Date "2011.10.16"]
[Round "5.3"]
[White "Rodrigues, Fernanda Dos Santos"]
[Black "Heinrichs, Vivian"]
[Result "1-0"]
[WhiteElo "1940"]
[BlackElo "1985"]
[PlyCount "81"]
[EventDate "2011.10.14"]

1. e4 c5 2. Nc3 a6 3. f4 b5 4. d3 Bb7 5. Nf3 e6 6. g3 b4 7. Nb1 d6 8. Bg2 Nd7
9. Nbd2 Be7 10. O-O Ngf6 11. Qe1 Qc7 12. c3 O-O 13. h3 Nb6 14. c4 Nfd7 15. g4
Rae8 16. g5 d5 17. e5 dxc4 18. dxc4 Nb8 19. b3 Rd8 20. Bb2 Rd7 21. Qe2 Rfd8 22.
Rfd1 Nc6 23. Nf1 Nd4 24. Nxd4 cxd4 25. Rd3 Nc8 26. Ng3 Bf8 27. Rad1 Bc5 28. h4
Bf8 29. Kh2 Bc5 30. h5 Ne7 31. h6 Ng6 32. Nh5 Qb6 33. hxg7 Rc7 34. Qf2 Bxg2 35.
Qxg2 Nh4 36. Qh3 Nf5 37. Nf6+ Kxg7 38. Qxh7+ Kf8 39. Rh3 Qa5 40. g6 Qxa2 41.
Qg8+ 1-0

[Event "VI Etapa do Circuito Pre-Olimpico Femini"]
[Site "Sao Paulo/SP"]
[Date "2011.10.16"]
[Round "5.4"]
[White "Guimaraes, Artemis Pamela"]
[Black "Sena Moura, Danielle"]
[Result "1-0"]
[WhiteElo "2016"]
[BlackElo "1900"]
[PlyCount "87"]
[EventDate "2011.10.14"]

1. e4 e6 2. d4 d5 3. Nd2 dxe4 4. Nxe4 Nd7 5. Nf3 Be7 6. Bd3 Ngf6 7. Nxf6+ Bxf6
8. Bf4 O-O 9. Qe2 c5 10. Qe4 g6 11. c3 cxd4 12. cxd4 Nb6 13. O-O Nd5 14. Be5
Bd7 15. Bxf6 Qxf6 16. Ne5 Rfd8 17. Rac1 Be8 18. Bc4 Qe7 19. Rfe1 Rac8 20. Bxd5
Rxc1 21. Rxc1 Rxd5 22. Qf4 Qb4 23. Ng4 Rxd4 24. Nf6+ Kf8 25. Qh6+ Ke7 26. Nxh7
Kd8 27. Qg5+ Qe7 28. Qe5 Qd6 29. Qf6+ Kd7 30. Nf8+ Qxf8 31. Qxd4+ Qd6 32. Qxa7
Qb4 33. Qb8 Ke7 34. h3 Qxb2 35. Rc7+ Bd7 36. Qxb7 Qa1+ 37. Kh2 Qe5+ 38. g3 Qd4
39. Kg2 Qd5+ 40. Qxd5 exd5 41. Kf3 Kd6 42. Rxd7+ Kxd7 43. Ke3 Kd6 44. Kd4 1-0

[Event "VI Etapa do Circuito Pre-Olimpico Femini"]
[Site "Sao Paulo/SP"]
[Date "2011.10.16"]
[Round "5.5"]
[White "Tamarozi, Isabelle"]
[Black "Gazola, Vanessa Ramos"]
[Result "0-1"]
[WhiteElo "1702"]
[BlackElo "2054"]
[PlyCount "54"]
[EventDate "2011.10.14"]

1. e4 c5 2. Nf3 a6 3. c3 g6 4. Bc4 e6 5. d4 b5 6. Bb3 c4 7. Bc2 Bb7 8. O-O Bg7
9. Re1 Ne7 10. b3 d5 11. exd5 Bxd5 12. Be4 Bxe4 13. Rxe4 Qd5 14. Re1 O-O 15.
bxc4 Qxc4 16. Qb3 Rc8 17. Ne5 Qxb3 18. axb3 Nbc6 19. Nxc6 Rxc6 20. Bb2 Nd5 21.
Rc1 Rac8 22. h3 Bxd4 23. Kf1 Nxc3 24. Nxc3 Bxc3 25. Bxc3 Rxc3 26. Rxc3 Rxc3 27.
Rxa6 Rxb3 0-1

[Event "VI Etapa do Circuito Pre-Olimpico Femini"]
[Site "Sao Paulo/SP"]
[Date "2011.10.16"]
[Round "5.6"]
[White "Nunes, Agatha Hurba"]
[Black "Vescovi, Katherine Lemos"]
[Result "0-1"]
[WhiteElo "1636"]
[BlackElo "1725"]
[PlyCount "48"]
[EventDate "2011.10.14"]

1. d4 Nf6 2. c4 g6 3. Nc3 d5 4. e3 Bg7 5. Nf3 O-O 6. Bd3 Re8 7. O-O Nc6 8. cxd5
Nxd5 9. Qb3 Nxc3 10. Qxc3 e5 11. dxe5 Nxe5 12. Nxe5 Bxe5 13. Qc2 c6 14. Bd2 Qd6
15. g3 Rd8 16. Bxg6 hxg6 17. Rad1 Qf6 18. Bc3 Bh3 19. f4 Bxc3 20. bxc3 Bxf1 21.
Rxf1 Qd6 22. Rf2 Qd1+ 23. Qxd1 Rxd1+ 24. Kg2 Rad8 0-1

[Event "VI Etapa do Circuito Pre-Olimpico Femini"]
[Site "Sao Paulo/SP"]
[Date "2011.10.16"]
[Round "6.1"]
[White "Terao, Juliana Sayumi"]
[Black "Chang, Suzana"]
[Result "1-0"]
[WhiteElo "2152"]
[BlackElo "2001"]
[PlyCount "45"]
[EventDate "2011.10.14"]

1. e4 e6 2. d4 d5 3. Nd2 c5 4. exd5 exd5 5. Ngf3 a6 6. c3 c4 7. b3 cxb3 8. axb3
Bf5 9. Ne5 Nf6 10. Qf3 Bg6 11. Bb5+ Nbd7 12. Bxd7+ Nxd7 13. Nxg6 hxg6 14. Qxd5
Qc7 15. Qe4+ Kd8 16. Nc4 Bb4 17. Qf3 Re8+ 18. Kd1 Be7 19. Bf4 Qc6 20. Qxc6 bxc6
21. Na5 c5 22. Nc6+ Kc8 23. Re1 1-0

[Event "VI Etapa do Circuito Pre-Olimpico Femini"]
[Site "Sao Paulo/SP"]
[Date "2011.10.16"]
[Round "6.2"]
[White "Rodrigues, Fernanda Dos Santos"]
[Black "Delai, Paula Fernanda"]
[Result "1-0"]
[WhiteElo "1940"]
[BlackElo "2026"]
[PlyCount "47"]
[EventDate "2011.10.14"]

1. d4 Nf6 2. c4 g6 3. Nc3 Bg7 4. Nf3 d6 5. h3 O-O 6. Bf4 c6 7. e3 Nbd7 8. Be2
a6 9. a4 a5 10. O-O Qb6 11. Qc2 Re8 12. Bh2 Nh5 13. Rfd1 e5 14. Ne4 Qc7 15. c5
dxc5 16. dxc5 Bf8 17. Nfg5 h6 18. Bc4 hxg5 19. Nxg5 Ndf6 20. Qxg6+ Bg7 21.
Bxf7+ Kf8 22. Bxe8 Bxh3 23. Bxe5 Qe7 24. Bd6 1-0

[Event "VI Etapa do Circuito Pre-Olimpico Femini"]
[Site "Sao Paulo/SP"]
[Date "2011.10.16"]
[Round "6.3"]
[White "Guimaraes, Artemis Pamela"]
[Black "Tashima, Vanessa Kelly"]
[Result "1/2-1/2"]
[WhiteElo "2016"]
[BlackElo "1905"]
[PlyCount "61"]
[EventDate "2011.10.14"]

1. e4 e6 2. d4 d5 3. Nd2 Be7 4. e5 c5 5. c3 Nc6 6. Ngf3 a5 7. Be2 Bd7 8. O-O a4
9. Nb1 f6 10. Bf4 g5 11. exf6 Bxf6 12. Be3 c4 13. Ne5 Nxe5 14. dxe5 Bxe5 15.
Bh5+ Ke7 16. Bxg5+ Nf6 17. f4 Qb6+ 18. Kh1 Bc7 19. Nd2 Raf8 20. Nf3 h6 21.
Bxf6+ Rxf6 22. Ne5 Bxe5 23. fxe5 Rxf1+ 24. Qxf1 Rf8 25. Qc1 Rf5 26. Qxh6 Rxe5
27. Rf1 Kd6 28. Qf8+ Kc6 29. Be8 Qd8 30. Bxd7+ Qxd7 31. h3 1/2-1/2

[Event "VI Etapa do Circuito Pre-Olimpico Femini"]
[Site "Sao Paulo/SP"]
[Date "2011.10.16"]
[Round "6.4"]
[White "Heinrichs, Vivian"]
[Black "Gazola, Vanessa Ramos"]
[Result "0-1"]
[WhiteElo "1985"]
[BlackElo "2054"]
[PlyCount "110"]
[EventDate "2011.10.14"]

1. d4 d5 2. c4 e6 3. Nf3 Nf6 4. Bg5 Nbd7 5. e3 b6 6. cxd5 exd5 7. Bd3 Be7 8.
O-O O-O 9. Nbd2 Bb7 10. Rc1 c5 11. Bf5 Re8 12. Re1 h6 13. Bxd7 Nxd7 14. Bxe7
Rxe7 15. a4 Rc8 16. Nb1 a6 17. Nc3 c4 18. Nh4 Re6 19. Nf5 Nf6 20. Ng3 Qe8 21.
Nh5 b5 22. axb5 axb5 23. Nxf6+ Rxf6 24. Qh5 Qd7 25. Ra1 Ra8 26. Rxa8+ Bxa8 27.
Ra1 Bc6 28. Qe5 Qb7 29. Qh5 b4 30. Na4 Bxa4 31. Rxa4 Ra6 32. Rxa6 Qxa6 33. g3
c3 34. bxc3 bxc3 35. Qf5 g6 36. Qb1 Kh7 37. Qb3 Qc6 38. Qc2 Qc4 39. Kg2 Qb4 40.
Qa2 Qb7 41. Kf3 Kg7 42. h4 Qb5 43. Kg2 Qc4 44. Qc2 Qb4 45. Qa2 Qb5 46. Kf3 h5
47. Kg2 Qc6 48. Qc2 Qc4 49. Kf3 Kf6 50. Kg2 Qb4 51. Qa2 Qb5 52. Kf3 Qd7 53.
Qa6+ Kg7 54. Qd3 Qg4+ 55. Kg2 Qe4+ 0-1

[Event "VI Etapa do Circuito Pre-Olimpico Femini"]
[Site "Sao Paulo/SP"]
[Date "2011.10.16"]
[Round "6.5"]
[White "Vescovi, Katherine Lemos"]
[Black "Rothebarth, Ana Vitoria De Paul"]
[Result "0-1"]
[WhiteElo "1725"]
[BlackElo "2043"]
[PlyCount "172"]
[EventDate "2011.10.14"]

1. e4 e5 2. Nf3 Nc6 3. Bb5 a6 4. Ba4 Nf6 5. d3 b5 6. Bb3 Be7 7. c3 O-O 8. O-O
d6 9. Re1 Na5 10. Bc2 c5 11. d4 Qc7 12. d5 Ne8 13. b3 g6 14. Bh6 Ng7 15. Nbd2
f6 16. Nf1 Rf7 17. Bxg7 Kxg7 18. Ne3 c4 19. b4 Nb7 20. a4 Rb8 21. a5 Nd8 22.
Nd2 Rf8 23. Ndf1 Nf7 24. Ng3 Rh8 25. Qd2 h5 26. Bd1 h4 27. Ngf1 Ng5 28. Qc2 Bd7
29. Nd2 Qc8 30. Rf1 Qg8 31. Be2 Rf8 32. Ndxc4 bxc4 33. Bxc4 Ra8 34. Bd3 Qb8 35.
Rab1 Rc8 36. Nc4 Bd8 37. Rfc1 Bb5 38. Na3 Bxd3 39. Qxd3 Qa7 40. Nc2 Qd7 41. h3
Qb5 42. Qxb5 axb5 43. Na3 Rab8 44. f3 Nf7 45. c4 bxc4 46. Rxc4 Bxa5 47. Rxc8
Bb6+ 48. Kf1 Rxc8 49. Ke2 Rc3 50. Nb5 Rc2+ 51. Kd3 Rxg2 52. Rc1 Rb2 53. Rc6 Bf2
54. Nxd6 Nxd6 55. Rxd6 Rxb4 56. Rc6 Rb7 57. d6 Bb6 58. Kc4 Bd8 59. Rc8 Rd7 60.
Kd5 Kf7 61. Kc6 Ke6 62. Kb5 Rxd6 63. Rc3 f5 64. exf5+ gxf5 65. Re3 Bg5 66. Ra3
e4 67. fxe4 fxe4 68. Kc4 e3 69. Ra1 e2 70. Re1 Rd2 71. Kc3 Ke5 72. Kb3 Ke4 73.
Kc3 Kf3 74. Kb3 Kf2 75. Ra1 e1=Q 76. Rxe1 Kxe1 77. Kc3 Ke2 78. Kc4 Rd3 79. Kb4
Rxh3 80. Ka4 Rc3 81. Kb4 Bf6 82. Ka4 h3 83. Kb4 h2 84. Ka4 h1=Q 85. Kb4 Qb1+
86. Ka4 Qa2+ 0-1

[Event "VI Etapa do Circuito Pre-Olimpico Femini"]
[Site "Sao Paulo/SP"]
[Date "2011.10.16"]
[Round "6.7"]
[White "Schucman, Rebeca Lot"]
[Black "Nunes, Agatha Hurba"]
[Result "1-0"]
[WhiteElo "1591"]
[BlackElo "1636"]
[PlyCount "69"]
[EventDate "2011.10.14"]

1. d4 e6 2. c4 f5 3. g3 Nf6 4. Bg2 d5 5. b3 c6 6. Nf3 Bd6 7. O-O O-O 8. Ba3 Qe7
9. Qc1 Bxa3 10. Nxa3 Qe8 11. Nc2 Nbd7 12. Nce1 Nb6 13. Nd3 Bd7 14. c5 Nc8 15.
Nfe5 Ne7 16. Qd2 Ng6 17. Rae1 Bc8 18. Rb1 Nd7 19. f4 Ngxe5 20. fxe5 b6 21. b4
Bb7 22. Rf4 g5 23. Rf2 h6 24. e3 Qg6 25. Rbf1 Rae8 26. Qd1 Re7 27. Bf3 bxc5 28.
bxc5 Ba6 29. Be2 Bc4 30. Nb4 Bb5 31. Bxb5 cxb5 32. Nc6 Rh7 33. Nxa7 Qe8 34.
Nxb5 Qb8 35. Nd6 1-0